Jet engines /

Rolls Royce makes the most complicated and powerful jet engines in the world. Visiting their biggest factory, which employs over 11,000 people, this programme shows how they do it. These are people who quite literally have our lives in their hands; it's their designs that keep jumbo jets in the...

Full description

Bibliographic Details
Other Authors: Fletcher, Gerard (Narrator), Fletcher, Tina (Producer)
Format: Video
Language:English
Language Notes:This edition in English.
Published: London : British Broadcasting Corporation (BBC), 2010.
Series:Engineering case studies online
Voyages of construction
Subjects:
Online Access:Connect to this streaming video (Alexander Street Press)

MARC

Tag First Indicator Second Indicator Subfields
LEADER 00000cgm a2200000Ma 4500
001 in00005607321
006 m o c
007 cr |na---||a|a
007 vz |zazu|
008 131223s2010 enk052 g o vueng d
005 20241214204557.2
035 |a (OCoLC)ocn867771143 
040 |a ALSTP  |b eng  |e pn  |c ALSTP  |d OCLCO  |d COO  |d OCLCO  |d OCLCF  |d OCLCQ  |d OCLCO  |d OCLCQ  |d CAUOI  |d CSF  |d UAB  |d OCLCA  |d WYU  |d OCLCO  |d OCLCA  |d OCLCQ 
019 |a 1412633281  |a 1443971395 
035 |a (OCoLC)867771143  |z (OCoLC)1412633281  |z (OCoLC)1443971395 
082 0 4 |a 629.133/394  |q OCoLC  |2 21/eng/20230216 
090 |a Internet Access  |b AEU 
049 |a TXAM 
245 0 0 |a Jet engines /  |c produced by Tina Fletcher. 
246 3 |a How to build a jumbo jet engine 
246 3 |a Voyages of construction :  |b how to build a jumbo jet engine 
260 |a London :  |b British Broadcasting Corporation (BBC),  |c 2010. 
300 |a 1 online resource (52 min.). 
306 |a 005209 
336 |a two-dimensional moving image  |b tdi  |2 rdacontent 
337 |a computer  |b c  |2 rdamedia 
338 |a online resource  |b cr  |2 rdacarrier 
490 0 |a Engineering case studies online 
490 0 |a Voyages of construction 
500 |a Title from resource description page (viewed Dec. 24, 2013). 
520 |a Rolls Royce makes the most complicated and powerful jet engines in the world. Visiting their biggest factory, which employs over 11,000 people, this programme shows how they do it. These are people who quite literally have our lives in their hands; it's their designs that keep jumbo jets in the sky, their skills that have made flying the safest mode of transport and their innovations that will allow aeroplanes to be bigger cleaner, greener and quieter in the future. For six months cameras followed engine assembly following the maiden flight of their new 'Trent 1000' engine fixed to a Boeing 787 Dreamliner plane - a flight which could secure deals worth millions of dollars. 
546 |a This edition in English. 
610 2 0 |a Rolls-Royce Ltd. 
610 2 7 |a Rolls-Royce Ltd.  |2 fast  |0 (OCoLC)fst00530607 
650 0 |a Airplanes  |x Motors. 
650 0 |a Boeing 787 Dreamliner (Jet transport) 
650 0 |a Jet engines. 
650 6 |a Avions  |x Moteurs. 
650 6 |a Boeing 787 Dreamliner (Avion de transport à réaction) 
650 6 |a Moteurs à réaction. 
650 7 |a Airplanes  |x Motors.  |2 fast  |0 (OCoLC)fst00803320 
650 7 |a Boeing 787 Dreamliner (Jet transport)  |2 fast  |0 (OCoLC)fst01740316 
650 7 |a Jet engines.  |2 fast  |0 (OCoLC)fst00982398 
655 7 |a Documentary television programs.  |2 fast  |0 (OCoLC)fst01710387 
655 7 |a Documentary television programs.  |2 lcgft 
700 1 |a Fletcher, Gerard.  |4 nrt 
700 1 |a Fletcher, Tina.  |4 pro 
856 4 0 |u http://proxy.library.tamu.edu/login?url=https://www.aspresolver.com/aspresolver.asp?AVN2;2108915  |z Connect to this streaming video (Alexander Street Press)  |t 0 
955 |a Alexander Street Press perpetual purchased Fall 2024 streaming video 
994 |a 92  |b TXA 
999 f f |s 6d9c6366-1ba0-4e78-a849-328e5379e834  |i 4e79a745-f27e-41b8-a98d-f40b2aa5414f  |t 0 
952 f f |a Texas A&M University  |b College Station  |c Electronic Resources  |d Available Online  |t 0  |e Internet Access AEU  |h Library of Congress classification 
998 f f |a Internet Access AEU  |t 0  |l Available Online